000
002760000a22000970004500
100
1
_a
DeCarvalho, Levi T.
245
1
0
_a
What's wrong with the label "Managerial missiology"
300
_a
Vol.24, núm.4 (July-August, 2002), Página 15
773
0
_t
Mission Frontiers
942
_c
ANA
999
_c
60397
_d
60397